|
|
|
|
| LEADER |
00000nam0a2200000 4500 |
| 001 |
132279 |
| 005 |
20260210090005.0 |
| 010 |
|
|
|a 5265010483
|
| 035 |
|
|
|a (RuTPU)RU\TPU\book\143226
|
| 090 |
|
|
|a 132279
|
| 100 |
|
|
|a 20080228d1990 m y0rusy5003 ca
|
| 101 |
0 |
|
|a rus
|
| 102 |
|
|
|a RU
|
| 105 |
|
|
|a y z 000ay
|
| 200 |
1 |
|
|a Последний воин
|e Романы
|f А. В. Афанасьев
|g худож. Д. Мухин
|
| 210 |
|
|
|a Москва
|c Советский писатель
|d 1990
|
| 215 |
|
|
|a 566,[2] с.
|d 21 см
|
| 327 |
1 |
|
|a Содерж.: Последний воин; Посторонняя
|
| 606 |
|
|
|a Русская литература современная
|9 50316
|
| 610 |
1 |
|
|a советская литература
|
| 610 |
1 |
|
|a романы
|
| 675 |
|
|
|a Р2
|v 3
|
| 700 |
|
1 |
|a Афанасьев
|b А. В.
|g Анатолий Владимирович
|4 070
|
| 702 |
|
1 |
|a Мухин
|b Д.
|4 440
|
| 801 |
|
0 |
|a RU
|b RuMRKP
|c 19950417
|g psbo
|
| 801 |
|
1 |
|a RU
|b 63413507
|c 20080228
|g PSBO
|
| 801 |
|
2 |
|a RU
|b 63413507
|c 20080228
|g PSBO
|
| 942 |
|
|
|c BK
|